Transport, Infrastructure and Climate Change Committee, 7th report, 2010 (Session 3) (Record no. 110844)
[ view plain ]
| 000 -LEADER | |
|---|---|
| fixed length control field | 01306cad a22002175a 4500 |
| 001 - CONTROL NUMBER | |
| control field | E150361 |
| 008 - FIXED-LENGTH DATA ELEMENTS--GENERAL INFORMATION | |
| fixed length control field | 100705s20100702xxk f s000 0 eng d |
| 020 ## - INTERNATIONAL STANDARD BOOK NUMBER | |
| International Standard Book Number | 9781406166415 |
| 035 ## - SYSTEM CONTROL NUMBER | |
| System control number | (Sirsi) u150361 |
| 041 0# - LANGUAGE CODE | |
| Language code of text/sound track or separate title | eng |
| 110 2# - MAIN ENTRY--CORPORATE NAME | |
| Corporate name or jurisdiction name as entry element | Scotland |
| Subordinate unit | Scottish Parliament |
| -- | Transport, Infrastructure and Climate Change Committee |
| 9 (RLIN) | 5865 |
| 245 00 - TITLE STATEMENT | |
| Title | Transport, Infrastructure and Climate Change Committee, 7th report, 2010 (Session 3) |
| Remainder of title | inquiry into the relationship between transport and land use planning policies |
| Medium | [electronic resource] |
| 260 ## - PUBLICATION, DISTRIBUTION, ETC. | |
| Place of publication, distribution, etc. | Edinburgh |
| Name of publisher, distributor, etc. | Scottish Parliamentary Corporate Body |
| Date of publication, distribution, etc. | 2010 |
| 520 ## - SUMMARY, ETC. | |
| Summary, etc. | Presents the results of an inquiry into transport and land use planning,which was undertaken to assess how effectively these two planning policy areas work together. The inquiry also examined whether increased integration in these areas could increase sustainable economic growth and limit climate change in Scotland. |
| 590 ## - LOCAL NOTE (RLIN) | |
| Local note | KA |
| 651 #4 - SUBJECT ADDED ENTRY--GEOGRAPHIC NAME | |
| Geographic name | Scotland |
| Chronological subdivision | 1999- |
| 690 ## - LOCAL SUBJECT ADDED ENTRY--TOPICAL TERM (OCLC, RLIN) | |
| Topical term or geographic name as entry element | PROPERTY-INFRASTRUCTURE-TRANSPORT INFRASTRUCTURE |
| 690 ## - LOCAL SUBJECT ADDED ENTRY--TOPICAL TERM (OCLC, RLIN) | |
| Topical term or geographic name as entry element | ENVIRONMENTAL AND LAND CONSULTANCY-PLANNING AND DEVELOPMENT |
| 856 40 - ELECTRONIC LOCATION AND ACCESS | |
| Uniform Resource Identifier | <a href="https://www.scottish.parliament.uk/s3/committees/ticc/documents/7threport.pdf">https://www.scottish.parliament.uk/s3/committees/ticc/documents/7threport.pdf</a> |
| Public note | View the report (PDF file) free of charge at www.scottish.parliament.uk |
| 942 ## - ADDED ENTRY ELEMENTS (KOHA) | |
| Suppress in OPAC | 0 |
| Withdrawn status | Lost status | Source of classification or shelving scheme | Damaged status | Not for loan | Home library | Current library | Shelving location | Date acquired | Total Checkouts | Full call number | Barcode | Date last seen | Copy number | Price effective from | Koha item type |
|---|---|---|---|---|---|---|---|---|---|---|---|---|---|---|---|
| Dewey Decimal Classification | Virtual | Virtual | Online | 05/07/2010 | ONLINE PUBLICATION | 150361-2001 | 06/08/2019 | 1 | 06/08/2019 | Book |